BSOP header

Handbook on the New Testament use of the Old Testament : (Record no. 55056)

MARC details
000 -LEADER
fixed length control field 00933nam a22002657a 4500
005 - DATE AND TIME OF LATEST TRANSACTION
control field 20251222142241.0
008 - FIXED-LENGTH DATA ELEMENTS--GENERAL INFORMATION
fixed length control field 251222b |||||||| |||| 00| 0 eng d
020 ## - INTERNATIONAL STANDARD BOOK NUMBER
International Standard Book Number 9789622089280
040 ## - CATALOGING SOURCE
Original cataloging agency BSOP
041 ## - LANGUAGE CODE
Language code of text/sound track or separate title chi
050 ## - LIBRARY OF CONGRESS CALL NUMBER
Classification number BS2387
100 ## - MAIN ENTRY--PERSONAL NAME
Linkage 880-1
Personal name Beale, G. K.
245 ## - TITLE STATEMENT
Linkage 880-1
Title Handbook on the New Testament use of the Old Testament :
Remainder of title exegesis and interpretation {ch} /
Statement of responsibility, etc G. K. Beale.
250 ## - EDITION STATEMENT
Edition statement 1st ed.
264 ## - PRODUCTION, PUBLICATION, DISTRIBUTION, MANUFACTURE STATEMENTS
Place of production, publication, distribution, manufacture Hong Kong :
Name of producer, publisher, distributor, manufacturer <a href="Tien Dao Publishing House Ltd,">Tien Dao Publishing House Ltd,</a>
Date of production, publication, distribution, manufacture 2016.
300 ## - PHYSICAL DESCRIPTION
Extent 306p. ;
Dimensions 23cm.
440 ## - SERIES STATEMENT/ADDED ENTRY--TITLE
Title Intertextuality Series
504 ## - BIBLIOGRAPHY, ETC. NOTE
Bibliography, etc Includes bibliographical references.
650 ## - SUBJECT ADDED ENTRY--TOPICAL TERM
Topical term or geographic name as entry element Bible -- New Testament -- Relation to the Old Testament {ch}.
650 ## - SUBJECT ADDED ENTRY--TOPICAL TERM
Topical term or geographic name as entry element Bible -- Hermeneutics {ch}.
650 ## - SUBJECT ADDED ENTRY--TOPICAL TERM
Topical term or geographic name as entry element Bible -- Old Testament -- Quotations in the New Testament {ch}.
880 ## - ALTERNATE GRAPHIC REPRESENTATION
Linkage 100-1
a 聶錦勳
880 ## - ALTERNATE GRAPHIC REPRESENTATION
Linkage 245-1
a 與新約作者同讀舊約 : 實踐篇
942 ## - ADDED ENTRY ELEMENTS (KOHA)
Source of classification or shelving scheme Library of Congress Classification
Item type Books
Holdings
Withdrawn status Lost status Source of classification or shelving scheme Damaged status Not for loan Home library Current library Shelving location Date acquired Source of acquisition Inventory number Total Checkouts Full call number Barcode Date last seen Price effective from Koha item type Public note
    Library of Congress Classification     BSOP Library BSOP Library Reference Chinese 12/22/2025 Donation C-16131   BS2387 B36 2016 00063113 12/22/2025 12/22/2025 Books Tien Dao
BSOP

Biblical Seminary of the Philippines
  All rights Reserved
  © 2024

CONTACT INFORMATION

Biblical Seminary of the Philippines,
  77-B Karuhatan Road, Valenzuela City,
  PHILIPPINES 1441
  Phone: +632 8292-6795 / 8292-6798
  Fax : +632 8292-6675
  Email: library@bsop.edu.ph